World fleet statistics, 1998
Αποθηκεύτηκε σε:
| Συγγραφή απο Οργανισμό/Αρχή: | |
|---|---|
| Μορφή: | Βιβλίο |
| Γλώσσα: | English |
| Δημοσίευση: |
London :
Lloyd's Register of Shipping,
c1999
|
| Θέματα: | |
| Ετικέτες: |
Προσθήκη ετικέτας
Δεν υπάρχουν, Καταχωρήστε ετικέτα πρώτοι!
|
MARC
| LEADER | 00000nam a2200000 i 4500 | ||
|---|---|---|---|
| 001 | 1/99763 | ||
| 008 | 000128s1999 eng d | ||
| 035 | |l 10057010 | ||
| 040 | |a GR-MY-UA |b gre |e aacr | ||
| 041 | 0 | |a eng | |
| 082 | 0 | |a Π 387.205 | |
| 110 | 2 | |a Lloyd's Register of Shipping. | |
| 245 | 1 | 0 | |a World fleet statistics, 1998 / |c Lloyd's Register of Shipping |
| 260 | |a London : |b Lloyd's Register of Shipping, |c c1999 | ||
| 300 | |a 68 p. | ||
| 650 | 0 | 0 | |a Ship registers |x Periodicals. |
| 650 | 0 | 0 | |a Merchant ships |x Periodicals. |
| 852 | |a INST |b CHIOS |e 20000128 |h 387.205 WOR |p 005200019109 |q 005200019109 |t REF |y 23 | ||
| 901 | |a BIBL2-2000-1 | ||
| 909 | |a Χ |b 071339 | ||
| 922 | |a 2ΕΛΗ |b 199912 |c ΤΝΕΥ |d ΠΑΠΑΣΩΤΗΡΙΟΥ | ||
| 970 | |a ΣΑΛΑΜΟΥΡΑ |b ΜΑΡΙΑ |z 2000/01/28 | ||